000 00177 a2200097 4500
020 _a9781250122971
041 _aeng
100 _aNora Roberts
245 _aYear One
942 _cK
999 _c26673
_d26673